000 00339nam a2200169Ia 4500
100 _aMantel/Samuel J
650 _aProject Management
250 _a2
942 _cBK
366 _f20
245 _aProject Management:Core text book
260 _bWiley
_c2014
082 _bMAN
300 _a346
546 _aENGLISH
999 _c35488
_d35488